000 00687nam a22002177a 4500
999 _c154642
_d154642
005 20190409154802.0
010 _aENG- 123580
020 _c25.00
_a9788188769773
035 _aEN-107112
037 _bDBAD/PUB
082 _a240.31
100 _aJalaj, Jaykumar
245 _aThe basic thought of bhagavan mahavir /
_cby Jaykumar Jalaj; ed. by Axel Jarvengrn & Peter W.O Berglin
260 _aMumbai
_bHindi Granth Karyalay
_c2012
270 _a9 Hirabaug C.P. Tank,
_bMumbai
_e400004
300 _a24p.
_c25cm.(pbk)
500 _aIt includes our publications
700 _a Jarvengrn, Axel
700 _a Berglin, Peter W.O
942 _2ddc
_cEN
_h240.31
_mJAL